| 000 | nam a22 7a 4500 | ||
|---|---|---|---|
| 999 |
_c47451 _d47451 |
||
| 003 | OSt | ||
| 005 | 20190511144344.0 | ||
| 008 | 190511b xxu||||| |||| 00| 0 eng d | ||
| 040 | _cIIMT COLLEGE OF ENGINEERING,GREATER NOIDA | ||
| 100 | _aGOODRICH,M.T. | ||
| 245 | _aALGORITHMS DESIGN | ||
| 260 |
_aNEW DELHI _bWILEY _c2012 |
||
| 300 | _a706 | ||
| 942 |
_2ddc _c02 |
||